000 01509cam a22003493a 4500
001 16888650
003 PILC
005 20150905092150.0
008 941031s1994 nyu 000 1 eng d
010 _a 94094323
020 _a0380762587
035 _a(OCoLC)ocm31384291
035 _a(OCoLC)31384291
_z(OCoLC)35224219
_z(OCoLC)40427490
_z(OCoLC)53394604
040 _aHQB
_cHQB
_dUND
_dOCLCQ
_dBAKER
_dBTCTA
_dLF8
_dYDXCP
_dXFG
_dJQD
_dSXC
_dDLC
042 _alccopycat
043 _ae-ur---
050 0 0 _aPS 3553
_b.L752 1994
100 1 _aLindsey, Johanna.
245 1 0 _aYou belong to me /
_cJohanna Lindsey.
260 _aNew York :
_bAvon Books,
_c1994.
300 _a422 pages ;
_c18 cm.
490 0 _aAvon historical romance
520 0 _aIn the sequel to the best-selling Once a Princess, the beautiful, liberal-minded Alexandra Rubliov and the handsome, rakish Count Vasili Petroff are determined to resist the betrothal arranged for them by Alexandra's father, but cannot curb their passion.
655 7 _aLove stories.
_2gsafd
655 7 _aHistorical fiction.
_2gsafd
710 2 _aCopyright Paperback Collection (Library of Congress)
_5DLC
856 4 2 _3Contributor biographical information
_uhttp://www.loc.gov/catdir/enhancements/fy1115/94094323-b.html
856 4 2 _3Publisher description
_uhttp://www.loc.gov/catdir/enhancements/fy1115/94094323-d.html
906 _a7
_bcbc
_ccopycat
_d2
_encip
_f20
_gy-genrareb
942 _2lcc
_cBK
_kFOR
999 _c284717
_d284717